| Tag |
First Indicator |
Second Indicator |
Subfields |
| LEADER |
00000cam a2200000Ia 4500 |
| 001 |
in00002781875 |
| 006 |
m d |
| 007 |
cr cn||||||||| |
| 008 |
120923t20122013gw a ob 000 0 eng d |
| 005 |
20250816210340.3 |
| 010 |
|
|
|z 2012944973
|
| 020 |
|
|
|z 9783642317354
|
| 020 |
|
|
|z 9783642317361
|
| 035 |
|
|
|a (CaPaEBR)ebr10596805
|
| 035 |
|
|
|a (OCoLC)809370623
|
| 040 |
|
|
|a CaPaEBR
|c CaPaEBR
|d UtOrBLW
|
| 050 |
1 |
4 |
|a TJ812.7
|b .N366 2012eb
|
| 245 |
0 |
0 |
|a Nanoenergy :
|b nanotechnology applied for energy production /
|c Flavio Leandro de Souza, Edson Roberto Leite ; editors.
|
| 264 |
|
1 |
|a Heidelberg :
|b Springer,
|c 2012
|
| 264 |
|
4 |
|c ©2013
|
| 300 |
|
|
|a 1 online resource (vii, 200 pages) :
|b illustrations
|
| 336 |
|
|
|a text
|b txt
|2 rdacontent
|
| 337 |
|
|
|a computer
|b c
|2 rdamedia
|
| 338 |
|
|
|a online resource
|b cr
|2 rdacarrier
|
| 504 |
|
|
|a Includes bibliographical references.
|
| 500 |
|
|
|a Electronic resource.
|
| 650 |
|
0 |
|a Solar energy
|x Materials.
|
| 650 |
|
0 |
|a Energy conversion
|x Materials.
|
| 650 |
|
0 |
|a Nanostructured materials.
|
| 650 |
|
0 |
|a Solar energy
|x Research.
|
| 655 |
|
7 |
|a Electronic books.
|2 local
|
| 700 |
1 |
|
|a Souza, Flávio Leandro de.
|
| 700 |
1 |
|
|a Leite, Edson Roberto.
|
| 710 |
2 |
|
|a ebrary, Inc.
|
| 856 |
4 |
0 |
|u https://ebookcentral.proquest.com/lib/tamucs/detail.action?docID=994512
|y Connect to the full text of this electronic book
|t 0
|
| 980 |
|
|
|a 121102
|b 179
|c USD
|e 179
|f YBP_EBR0000045794
|g 1
|
| 999 |
f |
f |
|s 609adb36-37fa-366a-8e6e-225ea51a67db
|i c36cb63b-5480-37ba-8609-c435c7d72af1
|t 0
|
| 999 |
|
|
|a MARS
|
| 952 |
f |
f |
|a Texas A&M University
|b College Station
|c Electronic Resources
|d Available Online
|t 0
|e TJ812.7 .N366 2012eb
|h Library of Congress classification
|
| 998 |
f |
f |
|a TJ812.7 .N366 2012eb
|t 0
|l Available Online
|